000 00717nam a22002537a 4500
003 CHAP
005 20220817042414.0
008 971013s1958 r 00010 d
010 _a43719
011 _a44691
035 _a48829
040 _cCHAP
090 _aFolleto 748
110 _aFundación Rockefeller.
245 _aDorectory of scholarship awards for the years 1947-1957
260 _aNew York :
_bThe Rockefeller Foundation,
_c1958
300 _a37 p.
590 _aBATCH-UPD
_b10
_c20130110
_lUCH01
_h2230
590 _aCONVERSION
_b10
_c20130109
_lUCH01
_h1324
650 1 4 _aBecas
_xDirectorios.
_911117
901 _aBK
942 _cFOLL
949 _aFolleto 748
_bBC
_cFOLL
_d-110379
_eTS1
_i48829
_si
999 _c43719
_d43719